Normal view
MARC view
- Munsif ,Aakash
Entry Personal Name
001 - CONTROL NUMBER
- control field: 122135
003 - CONTROL NUMBER IDENTIFIER
- control field: NUST
005 - DATE AND TIME OF LATEST TRANSACTION
- control field: 20240313144810.0
008 - FIXED-LENGTH DATA ELEMENTS
- fixed length control field: 240313|| aca||aabn | a|a d
040 ## - CATALOGING SOURCE
- Original cataloging agency: NUST
- Transcribing agency: NUST
100 ## - HEADING--PERSONAL NAME
- Personal name: Munsif ,Aakash
670 ## - SOURCE DATA FOUND
- Source citation: Work cat.: (NUST): Munsif ,Aakash, Design and Fabrication of Simple Thermoacoustic Refrigerator /
